[Event "European Blitz 2022"]
[Site "Katowice POL"]
[Date "2022.12.16"]
[Round "1.87"]
[White "Tutinas, Romualdas"]
[Black "Gunnarsson, Arnar"]
[Result "1-0"]
[BlackTitle "IM"]
[WhiteElo "1709"]
[BlackElo "2406"]
[WhiteFideId "12842800"]
[BlackFideId "2300915"]
[EventDate "2022.12.16"]

1. d4 f5 2. c4 Nf6 3. Nc3 e6 4. Bg5 d5 5. e3 c6 6. Nf3 Bd6 7. Be2 Nbd7 8. O-O
O-O 9. a3 a5 10. Bf4 Qe7 11. Ne5 Ne4 12. Rc1 Nxe5 13. Bxe5 Bxe5 14. dxe5 Bd7 15.
f4 Rfd8 16. cxd5 exd5 17. Nxe4 dxe4 18. Qb3+ Be6 19. Bc4 Bxc4 20. Qxc4+ Kh8 21.
Rfd1 g5 22. Rd4 Rxd4 23. Qxd4 Rd8 24. Qc3 Rd3 25. Qxa5 Rxe3 26. fxg5 Rd3 27. Rf1
e3 28. h4 Kg7 29. Re1 Kg6 30. b4 Kh5 31. Qc5 1-0

[Event "European Blitz 2022"]
[Site "Katowice POL"]
[Date "2022.12.16"]
[Round "1.89"]
[White "Gajzner, Ryszard"]
[Black "Kirk, Ezra"]
[Result "0-1"]
[BlackTitle "IM"]
[WhiteElo "1718"]
[BlackElo "2432"]
[WhiteFideId "1188607"]
[BlackFideId "600067"]
[EventDate "2022.12.16"]

1. e4 c5 2. Nf3 Nc6 3. Bb5 g6 4. Bxc6 bxc6 5. O-O Bg7 6. d3 Nh6 7. Nc3 O-O 8.
Be3 d6 9. e5 Ng4 10. Bf4 Nxe5 11. Nxe5 dxe5 12. Be3 c4 13. dxc4 Bf5 14. Qe2 Qc7
15. Rad1 Qa5 16. Bd2 Qb6 17. Bc1 Qb4 18. a3 Qa5 19. b4 Qc7 20. Bb2 Rfd8 21. Ne4
Rab8 22. Nc5 Qb6 23. Bxe5 Bxe5 24. Qxe5 Rxd1 25. Rxd1 Rd8 26. Nd3 Be6 27. c5 Qa6
28. Re1 Qxa3 29. Nf4 Bf5 30. Qxe7 Rf8 31. h3 Qxb4 32. Nd3 Bxd3 33. cxd3 Qd4 34.
Qe3 Qd5 35. Ra1 Qd7 36. d4 Re8 37. Qa3 Re7 38. Qb4 Qc7 39. Rb1 Rd7 40. Qb8+ Qxb8
41. Rxb8+ Kg7 42. Rb1 Rxd4 43. Ra1 Rc4 44. Rxa7 Rxc5 45. Rc7 Rc2 46. g4 Kf6 47.
Kg2 Ke6 48. Kg3 h6 49. h4 c5 50. Rc8 c4 51. Kf3 Rc1 52. Rc6+ Kd7 53. Rc5 c3 54.
Rc4 Ke7 55. Re4+ Kf6 56. Rf4+ Kg7 57. Rc4 c2 58. Rc7 Kf6 59. Rc6+ Ke5 60. Rc7
Kd4 61. Rd7+ Ke5 62. Rc7 Kd4 63. Rd7+ Kc3 64. Rc7+ Kd2 65. Rd7+ Ke1 66. Re7+ Kf1
67. Rc7 Kg1 68. h5 g5 69. Rc6 Kh2 70. Rc7 Kh3 71. Rc6 Ra1 72. Rxc2 Ra3+ 73. Ke2
Kxg4 74. Rc7 Rf3 75. Rc4+ Rf4 76. Rc7 Kxh5 77. Ke3 Kg6 78. Rc6+ Rf6 79. Rc4 h5
80. Rc8 h4 81. Rg8+ Kf5 82. f4 Rg6 83. Ra8 f6 84. Ra5+ Kg4 85. fxg5 fxg5 86.
Ra4+ Kg3 87. Ke2 h3 88. Ra3+ Kg2 89. Ra4 g4 90. Ke1 h2 91. Ra2+ Kg1 0-1

[Event "European Blitz 2022"]
[Site "Katowice POL"]
[Date "2022.12.16"]
[Round "1.90"]
[White "Larkin, Vladyslav"]
[Black "Kojder, Tomasz"]
[Result "1-0"]
[WhiteTitle "IM"]
[WhiteElo "2452"]
[BlackElo "1659"]
[WhiteFideId "14152894"]
[BlackFideId "21839727"]
[EventDate "2022.12.16"]

1. e4 c6 2. d4 d5 3. f3 g6 4. Nc3 Bg7 5. Be3 b6 6. Qd2 Bb7 7. e5 Nd7 8. h4 e6 9.
h5 Ne7 10. g4 Qc7 11. O-O-O O-O-O 12. Kb1 f6 13. h6 Bf8 14. exf6 Nxf6 15. Nh3
Ne8 16. Ng5 Ng8 17. Nxe6 Qf7 18. Nxd8 Kxd8 19. Bg2 Bd6 20. f4 Nc7 21. f5 Ne7 22.
Bg5 gxf5 23. gxf5 Rg8 24. Bh3 Ba6 25. Rde1 Ne8 26. f6 Ng6 27. Be6 Qf8 28. f7+ 1-0

[Event "European Blitz 2022"]
[Site "Katowice POL"]
[Date "2022.12.16"]
[Round "1.91"]
[White "Sliz, Karol"]
[Black "Spalir, Jernej"]
[Result "0-1"]
[BlackTitle "IM"]
[WhiteElo "1672"]
[BlackElo "2377"]
[WhiteFideId "21881499"]
[BlackFideId "14606518"]
[EventDate "2022.12.16"]

1. e4 e5 2. Bc4 Nf6 3. d3 c6 4. Nf3 Bd6 5. O-O Bc7 6. Nc3 h6 7. Re1 O-O 8. Bb3
d6 9. h3 Nbd7 10. Be3 Nc5 11. Bxc5 dxc5 12. Qe2 Qe7 13. Nd1 Nh5 14. Ne3 Nf4 15.
Qf1 Qf6 16. c3 Nxh3+ 17. gxh3 Qxf3 18. Qg2 Qxh3 19. Qxh3 Bxh3 20. Kh2 Be6 21.
Rg1 Kh7 22. Bc2 Bd8 23. Ng4 Bg5 24. Kh1 Bf4 25. a3 Rad8 26. Rad1 b5 27. Ne3 Bxe3
28. fxe3 f5 29. d4 cxd4 30. exd4 exd4 31. cxd4 g6 32. Rge1 Rd7 33. d5 cxd5 34.
exd5 Bxd5+ 35. Kg1 Rfd8 36. Re5 Bc4 37. Rde1 Kg7 38. Re7+ Kf6 39. R7e5 Rd2 40.
Bd1 Rxd1 0-1

[Event "European Blitz 2022"]
[Site "Katowice POL"]
[Date "2022.12.16"]
[Round "1.92"]
[White "Kowalski, Igor"]
[Black "Shystarova, Svitlana"]
[Result "1-0"]
[WhiteTitle "IM"]
[WhiteElo "2344"]
[BlackElo "1703"]
[WhiteFideId "1172468"]
[BlackFideId "14123070"]
[EventDate "2022.12.16"]

1. e4 e6 2. d4 d5 3. Nd2 dxe4 4. Nxe4 Nd7 5. Nf3 Ngf6 6. Bd3 Nxe4 7. Bxe4 Nf6 8.
Bd3 c5 9. O-O cxd4 10. Nxd4 Bd7 11. Qf3 Qb6 12. Be3 Bc5 13. c3 Nd5 14. b4 Bxd4
15. Bxd4 Qc7 16. Bxg7 Rg8 17. Bf6 Nxf6 18. Qxf6 Bc6 19. f3 Qe7 20. Qxe7+ Kxe7
21. Bxh7 Rg7 22. Be4 Bxe4 23. fxe4 Rag8 24. g3 Rg4 25. Rae1 f6 26. Rf3 Rd8 27.
Rfe3 Rd2 28. R1e2 Rd1+ 29. Kg2 Rg5 30. Rf2 a5 31. bxa5 Rxa5 32. Ref3 f5 33. exf5
exf5 34. Rxf5 Rxf5 35. Rxf5 Rd2+ 36. Rf2 Rd3 37. Rb2 Rxc3 38. Rxb7+ Kd6 39. Rb2
Kd5 40. h4 Ke4 41. Kh3 Kf5 42. Rb5+ Kg6 43. h5+ Kh6 44. Kh4 Rc4+ 45. g4 Ra4 46.
Rb6+ Kg7 47. h6+ Kh7 48. Kh5 Rxa2 49. Rb7+ Kh8 50. g5 Ra5 51. Rf7 Rc5 52. Kg6
Rc6+ 53. Rf6 Rc8 54. Re6 Rg8+ 1-0

[Event "European Blitz 2022"]
[Site "Katowice POL"]
[Date "2022.12.16"]
[Round "1.93"]
[White "Chiszko, Oskar"]
[Black "Monroy, Charles"]
[Result "1-0"]
[BlackTitle "IM"]
[WhiteElo "1657"]
[BlackElo "2395"]
[WhiteFideId "21894353"]
[BlackFideId "621641"]
[EventDate "2022.12.16"]

1. d4 Nf6 2. c4 e6 3. Nc3 Bb4 4. f3 d5 5. a3 Bxc3+ 6. bxc3 c6 7. cxd5 cxd5 8. e3
O-O 9. Bd3 b6 10. Ne2 Ba6 11. O-O Bxd3 12. Qxd3 Nc6 13. e4 Qc7 14. e5 Nd7 15. f4
f5 16. exf6 Nxf6 17. Ng3 Rac8 18. Bd2 Na5 19. f5 e5 20. dxe5 Qxe5 21. Rae1 Qd6
22. Kh1 Qxa3 23. Re6 Qc5 24. Ne2 Nc4 25. Be1 Ne4 26. Rf4 Rce8 27. Nd4 a5 28. h3
a4 29. Qf3 a3 30. Qd1 a2 31. Nb3 Qe3 32. Rf3 Nxc3 33. Bxc3 Qg5 34. Rxe8 Rxe8 35.
Qxd5+ Kh8 36. Qxc4 h6 37. Qd4 Re2 38. Rf2 Re7 39. f6 gxf6 40. Qxf6+ 1-0

[Event "European Blitz 2022"]
[Site "Katowice POL"]
[Date "2022.12.16"]
[Round "1.94"]
[White "Barski, Radoslaw"]
[Black "Kotowicz, Kamil"]
[Result "1-0"]
[WhiteTitle "IM"]
[WhiteElo "2441"]
[BlackElo "1771"]
[WhiteFideId "1131710"]
[BlackFideId "21861412"]
[EventDate "2022.12.16"]

1. e4 e6 2. d4 d5 3. e5 c5 4. c3 Nc6 5. Nf3 Qb6 6. Na3 a6 7. Nc2 Bd7 8. Bd3 Rc8
9. O-O cxd4 10. cxd4 Nge7 11. b4 Ng6 12. a3 Na7 13. a4 Be7 14. Bd2 O-O 15. g3
Qc7 16. h4 f5 17. exf6 Bxf6 18. h5 Ne7 19. Ne3 Nac6 20. Bc3 Nd8 21. Rc1 Nf7 22.
Ng4 Nd6 23. Qe2 Qd8 24. Bb1 Ndf5 25. Nfe5 Bxe5 26. Nxe5 Be8 27. g4 Nh6 28. Qd3
g6 29. f3 Kg7 30. Bd2 Bf7 31. Qe3 Nhg8 32. h6+ Kh8 33. Rxc8 Qxc8 34. Rc1 Qd8 35.
Qf4 Qe8 36. Rc7 Nc6 37. Nxf7+ 1-0

[Event "European Blitz 2022"]
[Site "Katowice POL"]
[Date "2022.12.16"]
[Round "1.96"]
[White "Haydon, David L"]
[Black "Jaszczuk, Piotr"]
[Result "1-0"]
[WhiteTitle "FM"]
[WhiteElo "2289"]
[BlackElo "1535"]
[WhiteFideId "415405"]
[BlackFideId "21890668"]
[EventDate "2022.12.16"]

1. Nf3 c5 2. e3 a6 3. b3 d6 4. Bb2 Nc6 5. c4 e5 6. Nc3 Nf6 7. Be2 Be6 8. d4 exd4
9. exd4 cxd4 10. Nxd4 Nxd4 11. Qxd4 Be7 12. Bf3 Rb8 13. a4 O-O 14. O-O Qc7 15.
Rfd1 Rfd8 16. Nd5 Bxd5 17. Bxd5 Bf8 18. Bf3 Qc5 19. Qd3 Nd7 20. Ba3 Ne5 21. Bxc5
Nxd3 22. Bb6 Nxf2 23. Kxf2 Re8 24. Re1 Be7 25. Rad1 Kf8 26. Bc7 Bh4+ 27. g3 1-0

[Event "European Blitz 2022"]
[Site "Katowice POL"]
[Date "2022.12.16"]
[Round "1.97"]
[White "Masnyak, Yuriy"]
[Black "Fus, Jakub"]
[Result "0-1"]
[BlackTitle "FM"]
[WhiteElo "1631"]
[BlackElo "2405"]
[WhiteFideId "34161627"]
[BlackFideId "1193023"]
[EventDate "2022.12.16"]

1. e4 c6 2. d4 d5 3. Nc3 dxe4 4. Nxe4 Nd7 5. Nf3 Ngf6 6. Nxf6+ Nxf6 7. Bd3 Bg4
8. c3 e6 9. h3 Bh5 10. Bg5 Qd5 11. g4 Bg6 12. Bxg6 hxg6 13. Qe2 Nxg4 14. O-O-O
Nf6 15. Ne5 Be7 16. a3 Rd8 17. h4 Qe4 18. Qc4 Nd5 19. Bxe7 Nxe7 20. Rde1 Qd5 21.
Qe2 Rh5 22. f4 Nf5 23. c4 Qxd4 24. Nxf7 Kxf7 25. Qxe6+ Kf8 26. Qxg6 Qxc4+ 27.
Kb1 Qf7 28. Qg4 Kg8 29. Re5 Rf8 30. Rh2 Kh7 31. Ka1 Qg6 32. Qf3 Rh6 33. Rg2 Nxh4
34. Rxg6 Nxf3 35. Rxh6+ Kxh6 36. Re4 Rf7 37. Kb1 Nd2+ 38. Kc2 Nxe4 39. Kd3 Nd6
40. Ke3 Kg6 41. Kf3 Kf5 42. b4 Nb5 43. a4 Nc3 44. a5 Rd7 45. Ke3 Rd6 46. Kf3
Rd3+ 0-1

[Event "European Blitz 2022"]
[Site "Katowice POL"]
[Date "2022.12.16"]
[Round "1.98"]
[White "Ondozi, Murtez"]
[Black "Hasterok, Lukasz"]
[Result "1-0"]
[WhiteTitle "FM"]
[WhiteElo "2406"]
[BlackElo "1619"]
[WhiteFideId "937576"]
[BlackFideId "21822344"]
[EventDate "2022.12.16"]

1. d4 Nf6 2. c4 e6 3. Nf3 b6 4. Nc3 Bb7 5. g3 Bb4 6. Bg2 Bxc3+ 7. bxc3 d6 8. O-O
Nbd7 9. a4 a5 10. Re1 O-O 11. Ba3 Re8 12. Bf1 e5 13. e3 Ne4 14. Rc1 Qf6 15. Bg2
g5 16. Qe2 h5 17. Nd2 Qg6 18. Nxe4 Bxe4 19. Bxe4 Qxe4 20. Qxh5 Qf5 21. e4 Qf6
22. d5 Nc5 23. Bxc5 bxc5 24. Rb1 Rab8 25. Rb5 Rb6 26. Re3 Rxb5 27. cxb5 Kg7 28.
Rf3 Qg6 29. Qg4 f6 30. Qd7+ Qf7 31. Qg4 Rh8 32. Kg2 Qh5 33. Qd7+ Qf7 34. Qf5 Qg6
35. h3 Qxf5 36. Rxf5 Kg6 37. Rf3 g4 38. hxg4 Rf8 39. Rf5 Rh8 40. c4 Rh6 41. Rf3
Kg5 42. b6 cxb6 43. Rb3 Kxg4 44. Rxb6 Rh8 45. Rxd6 Kg5 46. Rc6 Rb8 47. Rxc5 Rb4
48. d6 1-0

[Event "European Blitz 2022"]
[Site "Katowice POL"]
[Date "2022.12.16"]
[Round "1.100"]
[White "Mitusov, Semen"]
[Black "Gbiorczyk, Mikolaj"]
[Result "1-0"]
[WhiteTitle "IM"]
[WhiteElo "2397"]
[BlackElo "1832"]
[WhiteFideId "14151049"]
[BlackFideId "21080763"]
[EventDate "2022.12.16"]

1. e4 e5 2. Nf3 Nc6 3. Bc4 Nf6 4. d3 h6 5. c3 d6 6. Qe2 g5 7. Be3 Bg7 8. h3 Be6
9. Nbd2 Qd7 10. O-O-O O-O-O 11. Kb1 d5 12. Bb5 Qd6 13. Bxc6 bxc6 14. Nb3 Nd7 15.
d4 exd4 16. Nfxd4 c5 17. Nb5 Qb6 18. exd5 Bf5+ 19. Ka1 a6 20. Na3 Kb7 21. Nc4
Qb5 22. Nca5+ Ka8 23. Qxb5 axb5 24. Nc6 Rde8 25. Nxc5 Nxc5 26. Bxc5 Re2 27. Rhe1
Rhe8 28. Ne7 Rxe1 29. Rxe1 Bf6 30. Re3 Bh7 1-0

[Event "European Blitz 2022"]
[Site "Katowice POL"]
[Date "2022.12.16"]
[Round "2.2"]
[White "Paluska, Karol"]
[Black "Navara, David"]
[Result "0-1"]
[BlackTitle "GM"]
[WhiteElo "1933"]
[BlackElo "2684"]
[WhiteFideId "73617121"]
[BlackFideId "309095"]
[EventDate "2022.12.16"]

1. d4 Nf6 2. Nc3 d5 3. Bf4 c5 4. e3 cxd4 5. exd4 a6 6. Nf3 Nc6 7. Be2 Bg4 8. Ne5
Bxe2 9. Nxe2 e6 10. c3 Be7 11. O-O O-O 12. Qd3 Nxe5 13. Bxe5 Nd7 14. Bg3 b5 15.
a3 Nb6 16. f4 Nc4 17. Rab1 f5 18. Be1 Nd6 19. Rf3 Ne4 20. Rh3 Rb8 21. Qf3 g6 22.
g4 a5 23. Ng3 b4 24. gxf5 exf5 25. Bf2 bxa3 26. Nxe4 fxe4 27. Qe2 Qd7 28. Rg3
Bd6 29. Be3 Bxf4 30. Bxf4 Rxf4 31. Kh1 Qf7 32. b3 Rf2 33. Qg4 a2 34. Rbg1 Rf1
35. Rxf1 Qxf1+ 36. Rg1 Qxg1+ 37. Qxg1 Rxb3 38. Qg4 a1=Q+ 39. Kg2 Rb2+ 40. Kh3
Qf1+ 0-1

[Event "European Blitz 2022"]
[Site "Katowice POL"]
[Date "2022.12.16"]
[Round "2.3"]
[White "Svane, Rasmus"]
[Black "Deren, Marcin"]
[Result "1-0"]
[WhiteTitle "GM"]
[WhiteElo "2622"]
[BlackElo "1862"]
[WhiteFideId "4657101"]
[BlackFideId "1126806"]
[EventDate "2022.12.16"]

1. Nf3 e6 2. g3 d5 3. Bg2 Nf6 4. O-O c5 5. c4 Be7 6. cxd5 exd5 7. d4 O-O 8. Nc3
h6 9. b3 Nc6 10. Bb2 Be6 11. Rc1 Rc8 12. e3 b6 13. Ne2 Ne4 14. Nf4 cxd4 15. Nxd4
Nxd4 16. Bxd4 Rxc1 17. Qxc1 Qc8 18. Qb2 Nf6 19. Rc1 Qd7 20. Rd1 Rd8 21. Qe2 Qc7
22. Bxf6 Bxf6 23. Bxd5 Bxd5 24. Nxd5 Qe5 25. Qf3 Kh8 26. Kg2 Rd6 27. h4 g5 28.
hxg5 hxg5 29. e4 Kg7 30. Rh1 1-0

[Event "European Blitz 2022"]
[Site "Katowice POL"]
[Date "2022.12.16"]
[Round "2.4"]
[White "Poplawski, Maciej"]
[Black "Deac, Bogdan-Daniel"]
[Result "0-1"]
[BlackTitle "GM"]
[WhiteElo "1900"]
[BlackElo "2700"]
[WhiteFideId "1172522"]
[BlackFideId "1226380"]
[EventDate "2022.12.16"]

1. d4 g6 2. e4 Bg7 3. Nc3 c6 4. Be3 d5 5. f3 Qb6 6. Rb1 dxe4 7. fxe4 e5 8. Nge2
Nf6 9. Qd2 Ng4 10. Bg1 exd4 11. Nxd4 Qd8 12. Nf3 O-O 13. h3 Ne5 14. Qxd8 Rxd8
15. Be3 Be6 16. Nd4 Bc4 17. Kf2 Bxf1 18. Rhxf1 Nc4 19. Rfd1 Nxe3 20. Kxe3 Nd7
21. Nf3 Nb6 22. Ne2 Nc4+ 23. Kf2 Nxb2 24. Rxd8+ Rxd8 25. e5 Nd1+ 26. Ke1 Ne3 27.
Rxb7 Nxc2+ 28. Kf2 a5 29. Nf4 0-1

[Event "European Blitz 2022"]
[Site "Katowice POL"]
[Date "2022.12.16"]
[Round "2.5"]
[White "Grandelius, Nils"]
[Black "Popov, Sergey A."]
[Result "1-0"]
[WhiteTitle "GM"]
[WhiteElo "2660"]
[BlackElo "1916"]
[WhiteFideId "1710400"]
[BlackFideId "14105233"]
[EventDate "2022.12.16"]

1. c4 Nf6 2. Nf3 e6 3. g3 d5 4. Bg2 Be7 5. O-O O-O 6. b3 c5 7. cxd5 exd5 8. d4
Nc6 9. Bb2 h6 10. Nc3 Be6 11. Rc1 Rc8 12. Na4 cxd4 13. Nxd4 Nxd4 14. Qxd4 b6 15.
Nc3 Bc5 16. Qd3 d4 17. Nb5 Qd7 18. Nxd4 Bh3 19. Nf3 Bxg2 20. Qxd7 Nxd7 21. Kxg2
Rfe8 22. e3 1-0

[Event "European Blitz 2022"]
[Site "Katowice POL"]
[Date "2022.12.16"]
[Round "2.6"]
[White "Sosovickova, Jana"]
[Black "Santos Latasa, Jaime"]
[Result "0-1"]
[BlackTitle "GM"]
[WhiteElo "1922"]
[BlackElo "2668"]
[WhiteFideId "14944596"]
[BlackFideId "2293307"]
[EventDate "2022.12.16"]

1. e4 c5 2. Nf3 d6 3. d4 cxd4 4. Nxd4 Nf6 5. Nc3 Nc6 6. Be2 g6 7. Be3 Bg7 8. O-O
O-O 9. h3 Nxd4 10. Bxd4 Be6 11. Qd2 a6 12. a4 Rc8 13. Bd3 Qa5 14. Rfd1 Rfe8 15.
Ne2 Qxd2 16. Rxd2 Bh6 17. Rdd1 Nd7 18. Bc3 Nc5 19. Nd4 Bd7 20. a5 Na4 21. Bd2
Bg7 22. Be3 Nxb2 23. Rdb1 Nxd3 24. cxd3 Rc7 25. Ra3 Rec8 26. Rab3 Bxd4 27. Bxd4
Bb5 28. Kf1 Rc2 29. Rd1 f6 30. g3 Kf7 31. Kg2 Ra2 32. Bb6 Ba4 33. Rbb1 Bxd1 34.
Rxd1 Rc3 35. d4 Rb3 36. e5 Rbb2 37. d5 fxe5 38. Rd3 Rxb6 39. axb6 Rb2 0-1

[Event "European Blitz 2022"]
[Site "Katowice POL"]
[Date "2022.12.16"]
[Round "2.7"]
[White "Saric, Ante"]
[Black "Bakalar, Jan"]
[Result "1-0"]
[WhiteTitle "GM"]
[WhiteElo "2504"]
[BlackElo "1901"]
[WhiteFideId "14506254"]
[BlackFideId "14901978"]
[EventDate "2022.12.16"]

1. Nf3 d6 2. d4 Nf6 3. c4 c6 4. Nc3 Qc7 5. e4 a6 6. Bf4 Nbd7 7. e5 Nh5 8. exd6
exd6 9. Be3 g6 10. Rc1 Bg7 11. Bd3 O-O 12. O-O f5 13. Re1 Nhf6 14. h3 Re8 15.
Qd2 Nf8 16. Bf4 Qd8 17. Rxe8 Qxe8 18. Bxd6 Ne6 19. Re1 Qd8 20. Be5 Ne8 21. Bxg7
N8xg7 22. d5 Nc5 23. Bc2 b5 24. b4 Nb7 25. dxc6 Qxd2 26. Nxd2 Nd8 27. cxb5 axb5
28. Bb3+ Kf8 29. Nxb5 Nxc6 30. Bd5 Bb7 31. Nb3 Rb8 32. Nc5 Nd8 33. Nd7# 1-0

[Event "European Blitz 2022"]
[Site "Katowice POL"]
[Date "2022.12.16"]
[Round "2.8"]
[White "Starosta, Martyna"]
[Black "Sargsyan, Shant"]
[Result "0-1"]
[WhiteTitle "WCM"]
[BlackTitle "GM"]
[WhiteElo "1991"]
[BlackElo "2645"]
[WhiteFideId "21818754"]
[BlackFideId "13306766"]
[EventDate "2022.12.16"]

1. e4 c5 2. Nf3 d6 3. d4 cxd4 4. Nxd4 Nf6 5. Nc3 Bd7 6. Bg5 e6 7. Qd2 a6 8.
O-O-O h6 9. Bh4 Nxe4 10. Qf4 Ng5 11. Bc4 Be7 12. Kb1 Nc6 13. Bxg5 hxg5 14. Qg3
Nxd4 15. Rxd4 Qb6 16. Rhd1 Rc8 17. Bb3 d5 18. Bxd5 exd5 19. Nxd5 Qc6 20. R4d2
Bd8 21. Nb4 Qc7 22. Rxd7 Qxg3 23. hxg3 a5 24. Rxb7 axb4 25. Rxb4 Rh2 26. Re4+
Kf8 27. Red4 Bf6 28. R4d2 Rxg2 29. Rh1 g6 30. a3 Kg7 31. Rf1 Be5 32. Rd7 Rb8 33.
b3 Rh2 34. f4 gxf4 35. gxf4 Bf6 36. f5 g5 37. a4 Rc8 38. Rc1 Be5 39. a5 Bf4 40.
Re1 Rcxc2 41. Ree7 Rb2+ 42. Ka1 Ra2+ 43. Kb1 Rhb2# 0-1

[Event "European Blitz 2022"]
[Site "Katowice POL"]
[Date "2022.12.16"]
[Round "2.10"]
[White "Shvets, Viktoria"]
[Black "Yuffa, Daniil"]
[Result "0-1"]
[BlackTitle "GM"]
[WhiteElo "1786"]
[BlackElo "2587"]
[WhiteFideId "14152770"]
[BlackFideId "24131423"]
[EventDate "2022.12.16"]

1. f4 d5 2. Nf3 g6 3. e3 Bg7 4. d4 c5 5. c3 b6 6. Bd3 Nh6 7. Ne5 O-O 8. O-O Bf5
9. Be2 f6 10. Nd3 Nf7 11. dxc5 Bxd3 12. Qxd3 bxc5 13. Rd1 e6 14. Nd2 f5 15. Nf3
Nc6 16. Bd2 Qb6 17. Rab1 Rad8 18. Ng5 Nxg5 19. fxg5 c4 20. Qc2 f4 21. Qc1 Ne5
22. Kh1 f3 23. Bf1 fxg2+ 24. Bxg2 Nd3 25. Qc2 Nf2+ 26. Kg1 Nxd1 27. Rxd1 Rf5 28.
h4 Rdf8 29. Kh1 Rf2 30. e4 Rxg2 31. Kxg2 Qf2+ 32. Kh1 Be5 33. Be1 0-1

[Event "European Blitz 2022"]
[Site "Katowice POL"]
[Date "2022.12.16"]
[Round "2.11"]
[White "Lagarde, Maxime"]
[Black "Owoc, Jakub"]
[Result "1-0"]
[WhiteTitle "GM"]
[WhiteElo "2584"]
[BlackElo "1837"]
[WhiteFideId "662399"]
[BlackFideId "21833206"]
[EventDate "2022.12.16"]

1. e4 c6 2. Nf3 d5 3. d3 g6 4. e5 Bg7 5. d4 Bf5 6. Bd3 Bxd3 7. Qxd3 Nd7 8. O-O
e6 9. b3 Ne7 10. c4 Nf5 11. cxd5 cxd5 12. Ba3 Bf8 13. Bxf8 Kxf8 14. Nc3 a6 15.
Ne2 Kg7 16. Ng3 h5 17. Nxf5+ exf5 18. h4 Nf8 19. Rac1 Ne6 20. Rc2 Qd7 21. Rfc1
Rac8 22. a4 Rhe8 23. Ng5 Nxg5 24. hxg5 f4 25. Rxc8 Rxc8 26. Rxc8 Qxc8 27. Qf3
Qc1+ 28. Kh2 Qd2 29. Qxd5 Qxf2 30. Qe4 Qg3+ 31. Kg1 h4 32. Kf1 Qxb3 33. Qxf4
Qd1+ 34. Kf2 Qxa4 35. Kg1 Qd1+ 36. Kh2 b5 37. Qf6+ Kg8 38. e6 fxe6 39. Qxg6+ Kf8
40. Qf6+ Kg8 41. g6 Qh5 42. Qf7+ Kh8 43. Qf8# 1-0

[Event "European Blitz 2022"]
[Site "Katowice POL"]
[Date "2022.12.16"]
[Round "2.12"]
[White "Helaszek, Edward"]
[Black "Ziska, Helgi Dam"]
[Result "0-1"]
[BlackTitle "GM"]
[WhiteElo "1921"]
[BlackElo "2546"]
[WhiteFideId "1108018"]
[BlackFideId "7200595"]
[EventDate "2022.12.16"]

1. e4 c5 2. Nf3 d6 3. d4 cxd4 4. Nxd4 Nf6 5. Nc3 a6 6. Be2 e5 7. Nb3 Be7 8. O-O
O-O 9. Be3 Be6 10. a4 Nc6 11. Nd5 Nxe4 12. Bb6 Qd7 13. Nc7 Rac8 14. Nxe6 Qxe6
15. f3 Nf6 16. Re1 d5 17. Bf1 Nb4 18. Bd4 Nxc2 19. Rxe5 Qd6 20. Rc1 Nxd4 21.
Qxd4 Rxc1 22. Nxc1 Bd8 23. Kh1 Bb6 24. Qc3 Bc7 25. f4 h6 26. Nd3 Rd8 27. g3 Ng4
28. Re1 Bb6 29. Qc2 Ne3 30. Qe2 Qc6 31. Bg2 Qxa4 32. Ne5 d4 33. Ng4 d3 34. Qf3
d2 0-1

[Event "European Blitz 2022"]
[Site "Katowice POL"]
[Date "2022.12.16"]
[Round "2.15"]
[White "Piorun, Kacper"]
[Black "Dwilewicz, Agata"]
[Result "1-0"]
[WhiteTitle "GM"]
[WhiteElo "2611"]
[BlackElo "1769"]
[WhiteFideId "1130420"]
[BlackFideId "1163965"]
[EventDate "2022.12.16"]

1. d4 d5 2. Bg5 h6 3. Bh4 Nf6 4. e3 e6 5. Nd2 Be7 6. Bd3 Nbd7 7. c3 c5 8. f4 Qb6
9. Rb1 O-O 10. Ngf3 cxd4 11. exd4 Qc7 12. Ne5 Nxe5 13. fxe5 Ne8 14. Bg3 Qd8 15.
O-O f5 16. exf6 Nxf6 17. Qe2 Bd7 18. Nf3 Qb6 19. Ne5 Be8 20. Ng6 Bxg6 21. Bxg6
Rac8 22. Kh1 Rc6 23. Be5 Qd8 24. Bc2 Ne4 25. Bxe4 dxe4 26. Qxe4 Bf6 27. Bg3 Rb6
28. h3 Qd7 29. Bf4 a6 30. Rf2 Rc6 31. Rbf1 Re8 32. Bxh6 e5 33. d5 Rd6 34. c4 b5
35. Qg6 Qf7 36. Qxf7+ Kxf7 37. cxb5 axb5 38. Rd1 Red8 39. Be3 Rxd5 40. Rxd5 Rxd5
41. Kg1 Rd1+ 42. Rf1 Rd3 43. Kf2 Ke6 44. Ke2 e4 45. Rc1 Bxb2 46. Rb1 Be5 47.
Rxb5 Ra3 48. Rb6+ Kf5 49. g4# 1-0

[Event "European Blitz 2022"]
[Site "Katowice POL"]
[Date "2022.12.16"]
[Round "2.17"]
[White "Oleksiyenko, Mykhaylo"]
[Black "Radzimski, Antoni"]
[Result "1-0"]
[WhiteTitle "GM"]
[WhiteElo "2594"]
[BlackElo "1734"]
[WhiteFideId "4152417"]
[BlackFideId "21052476"]
[EventDate "2022.12.16"]

1. e4 e5 2. Nf3 Nf6 3. Nxe5 d6 4. Nf3 Nxe4 5. Qe2 Qe7 6. d3 Nf6 7. Bg5 Qxe2+ 8.
Bxe2 Be7 9. Nc3 Bd7 10. O-O-O Nc6 11. h3 O-O-O 12. Rde1 Be6 13. Bd2 h6 14. Nb5
d5 15. Nfd4 Nxd4 16. Nxd4 Bd7 17. g4 Bd6 18. f4 g6 19. Bf3 c6 20. b4 a6 21. a4
Rhe8 22. Ref1 b6 23. Nb3 Kb7 24. a5 Re7 25. axb6 Kxb6 26. g5 hxg5 27. fxg5 Ng8
28. h4 Rde8 29. Bc3 Be5 30. Kb2 Bxc3+ 31. Kxc3 Bf5 32. Nd4 Bd7 33. Bg2 Rc8 34.
Nb3 Rce8 35. Rf2 Re2 36. Rhf1 Bf5 37. h5 Rxf2 38. Rxf2 Ne7 39. h6 Rh8 40. Nd4
Kc7 41. Nxf5 Nxf5 42. Bh3 Nd6 43. Kd4 Kd8 44. Kc5 Kc7 45. Rf6 Nb7+ 46. Kd4 Nd6
47. Bg4 Rb8 48. c3 Nb5+ 49. Kc5 Rf8 50. Rxc6+ Kb7 51. Rb6+ Kc7 52. Rxa6 Nxc3 53.
b5 d4 54. Bf3 Rb8 55. Ra7+ Kd8 56. h7 Rxb5+ 57. Kc4 Kc8 58. h8=Q# 1-0